000 01163cam a2200217 4500
001 WB@3612-618
008 040721n2004 000 0 eng u
035 _a(Sirsi) u126893
245 _aSuburban future
260 _c2004
490 _aIndependent Transport Commission Press Release
_v19 July 2004 (2)
520 _aThe Independent Transport Commission (ITC) has published a report, "Suburban future" which shows that 29m people live, work and play in the suburbs of England. These people are car-dependent and will find that by 2021 it could take them longer to get to work. A journey that currently takes 25 minutes could, by that date, take them 35 minutes. A massive 60% of England's traffic growth is forecast for these suburbs. The ITC wants to see land use and transport polices being tailored to these areas - urgently. The full report can be found at: http://trg1.civil.soton.ac.uk/itc/subex02_main.pdf . http://www.trg.soton.ac.uk/itc/news_190704.htm
590 _aWB
590 _aWB
650 _aSUBURBAN AREAS
650 _aURBAN ENVIRONMENT
650 _aCOMMUTING
650 _aTOWN PLANNING
690 _aPLANNING
942 _n0
999 _c117747
_d117747